All NFL Dallas Cowboys Starting Quarterbacks - Statistics

General Stats
  • This quiz has been taken 233 times
  • The average score is 12 of 40
Answer Stats
Hint Answer % Correct
2016-2019 Dak Prescott
97%
2006-2015 Tony Romo
95%
1969-1971, 1973-1979 Roger Staubach
92%
1989-2000 Troy Aikman
89%
1978, 1980-1987 Danny White
65%
2005-2006 Drew Bledsoe
55%
1960-1968 Don Meredith
50%
2001-2003 Quincy Carter
49%
1993-1994, 1998-1999 Jason Garrett
45%
2004 Vinny Testaverde
44%
1965, 1967-1972 Craig Morton
43%
2010 John Kitna
42%
2008 Brad Johnson
28%
2002 Chad Hutchinson
27%
1960-1963 Eddie LeBaron
27%
1989 Steve Walsh
27%
2014-2015 Brandon Weeden
26%
1984-1985 Gary Hogeboom
24%
2015 Kellen Moore
23%
2015 Matt Cassel
23%
1993 Bernie Kosar
21%
2013 Kyle Orton
21%
1986-1988 Steve Pelluer
21%
2000 Randall Cunningham
20%
1975 Clint Longley
17%
2004 Drew Henson
17%
1991 Steve Beuerlein
17%
2001 Ryan Leaf
16%
1996 Wade Wilson
16%
2000-2001 Anthony Wright
15%
1994 Rodney Peete
12%
2001 Clint Stoerner
11%
2010 Stephen McGee
11%
1990 Babe Laufenberg
9%
1981 Glenn Carano
9%
1965-1966 Jerry Rhome
8%
1986 Reggie Collier
8%
1987-1988 Kevin Sweeney
7%
1960 Don Heinrich
5%
1964 John Roach
5%
No matching quizzes found
Score Distribution
Percent of People with Each Score
Percentile by Number Answered
Your Score History
You have not taken this quiz